| 000 | 01216nac a22003131i 4500 | ||
|---|---|---|---|
| 003 | EG-ScBUE | ||
| 005 | 20231205110446.0 | ||
| 008 | 090318s2004 ua f b 000 0 ara d | ||
| 017 | _a2004 / 7906 | ||
| 020 | _a9770910848 | ||
| 040 |
_aEG-ScBUE _bara _erda _cEG-ScBUE _dEG-ScBUE |
||
| 043 | _af-ua--- | ||
| 082 | 0 | 4 |
_a962.053 _bهـ ي ك _222 |
| 100 | 1 |
_aهيكل، محمد حسنين، _d1923-2016، _eمؤلف. |
|
| 245 | 1 | 0 |
_aسنوات الغليان / _cمحمد حسنين هيكل. |
| 250 | _aالطبعة الأولى. | ||
| 264 | 1 |
_aالقاهرة : _bدار الشروق، _c2004. |
|
| 300 |
_a1093 صفحة ؛ _c26 سم. |
||
| 336 |
_2rdacontent _aنص _btxt |
||
| 337 |
_aبدون وسيط _2rdamedia _bn |
||
| 338 |
_aمجلد _bnc _2rdacarrier |
||
| 490 | 0 |
_aعمر من الكتب. _aحرب الثلاثين سنة |
|
| 500 | _aيشتمل على ملحق وثائقي. | ||
| 504 | _aيشتمل على إرجاعات ببليوجرافية. | ||
| 651 | 7 |
_2BUEsh _aمصر _xتاريخ _yالعصر الحديث _yجمال عبد الناصر (1954-1970). |
|
| 651 | 7 |
_2BUEsh _aمصر _xتاريخ _yالعصر الحديث _y1952-1970. |
|
| 655 | _vReading book | ||
| 942 |
_cBB _2ddc |
||
| 999 |
_c3774 _d3774 |
||